Govt. of
Madhya Pradesh

Ancient Indian Tradition & Mythology The SkandaP̜urana (Record no. 13563)

MARC details
000 -LEADER
fixed length control field 003730000a22001450004500
001 - CONTROL NUMBER
control field 001645
003 - CONTROL NUMBER IDENTIFIER
control field MACL
040 ## - CATALOGING SOURCE
Original cataloging agency MACL
090 ## - LOCALLY ASSIGNED LC-TYPE CALL NUMBER (OCLC); LOCAL CALL NUMBER (RLIN)
-- 13638
-- 13637
100 ## - MAIN ENTRY--PERSONAL NAME
Personal name Tagare, G.V
245 ## - TITLE STATEMENT
Title Ancient Indian Tradition & Mythology The SkandaP̜urana
Remainder of title Vol 52 Part IV
Statement of responsibility, etc. G.V Tagare
260 ## - PUBLICATION, DISTRIBUTION, ETC. (IMPRINT)
Place of publication, distribution, etc. Motilal Banarsidass Publisher,
Date of publication, distribution, etc. 1993
650 ## - SUBJECT ADDED ENTRY--TOPICAL TERM
Topical term or geographic name as entry element Religion
942 ## - ADDED ENTRY ELEMENTS (KOHA)
Call number prefix 295
Koha item type Library Membar
Holdings
Withdrawn status Lost status Source of classification or shelving scheme Damaged status Not for loan Home library Current library Date acquired Total Checkouts Full call number Barcode Date last seen Uniform Resource Identifier Price effective from Koha item type
          MACL MACL 15/04/2015   294.59/BHA CRE017847 02/05/2024 13440 15/04/2015 Books